Hauptstädte Asiens - anhand der ersten beiden Buchstaben in 90 Sekunden - Statistiken

Allgemein
  • Dieses Quiz wurde 1.034 mal gespielt
  • Das Durchschnittsergebnis liegt bei 33 aus 48
Antwortstatistiken
Hauptstadt % Korrekt
Ba
94%
Ba
94%
Ba
94%
Ba
94%
Ma
87%
Ma
87%
Ma
87%
Ma
87%
Pe
83%
To
83%
Ka
78%
Ka
78%
Je
75%
Je
75%
As
74%
As
74%
Ta
74%
Ta
74%
Da
71%
Ja
71%
Se
70%
Ku
69%
Ku
69%
Ri
69%
Te
69%
Be
67%
Ne
67%
An
66%
Ha
66%
Sa
66%
Du
63%
Bi
62%
Pj
62%
Am
61%
Is
59%
Ul
59%
Do
58%
Ti
58%
Si
57%
Ab
56%
Di
54%
Vi
53%
Ph
49%
Ni
45%
Na
44%
Th
44%
Dh
41%
Co
32%
Keine übereinstimmenden Quizze gefunden
Verteilung der Resultate
Anzahl Personen mit jedem Resultat
Perzentil nach korrekt beantworteten Fragen
Ihre Resultats-Entwicklung
Sie haben dieses Quiz noch nicht gespielt